000 00729nam a2200205Ia 4500
003 GCL
008 140319s9999 xx 000 0 ara d
040 _aGCL /
_cGCL
082 0 4 _a372.7
_bى م
100 1 _aيحيى حامد هندام
245 1 0 _aمسارات تفكير الكبار فى الرياضيات (طريقة هندام) /
_cيحيى حامد هندام
260 _a[S.N] :
_bدار النهضة العربية ،
_c1984
300 _a300 ص
490 _aسلسلة كتب فى طرق تدريس الرياضيات
_v0
650 0 4 _aطرق التدريس
650 0 4 _aالرياضيات
650 0 4 _aتعليم وتدريس
650 0 4 _aالرياضيات - طرق التدريس
942 _2ddc
_cBK
999 _c37513
_d37513